MARC

LEADER 00000nas a2200000 i 4500
001 ssj0002213633
003 WaSeSS
005 20200512172242.0
006 m d
007 cr n
008 170203c20179999enkbr p s 0 a0eng
010 |a  2019204286 
016 7 |a 017863711  |2 Uk 
022 |a 2398-5046 
035 |a (WaSeSS)ssj0002213633 
040 |a CUS  |b eng  |e pn  |c CUS  |d OCLCF  |d Z5A  |d OCLCA  |d DKU  |d DLC  |d NLE  |d CNCGM  |d UAB  |d UKMGB  |d VT2  |d WaSeSS 
042 |a pcc 
050 0 0 |a HE7601 
245 0 0 |a Digital policy, regulation and governance  |h [electronic resource]. 
246 1 |a DPRG 
260 |a Bingley, U.K. :  |b Emerald Group Publishing Limited,  |c 2017- 
310 |a Bimonthly 
362 1 |a Began with Volume 19, issue 1 (2017). 
506 |a License restrictions may limit access. 
588 |a Description based on: Volume 19, issue 1 (2017); title from PDF running title (Emerald Insight website, viewed July 15, 2019). 
588 |a Latest issue consulted: Volume 21, no. 2 (2019) (Emerald Insight website, viewed July 15, 2019). 
650 0 |a Telecommunication  |v Periodicals. 
650 0 |a Mass media  |v Periodicals. 
650 0 |a Information policy  |v Periodicals. 
650 0 |a Information technology  |v Periodicals. 
650 7 |a Information policy.  |2 fast  |0 (OCoLC)fst00972596 
650 7 |a Information technology.  |2 fast  |0 (OCoLC)fst00973089 
650 7 |a Mass media.  |2 fast  |0 (OCoLC)fst01011219 
650 7 |a Telecommunication.  |2 fast  |0 (OCoLC)fst01145830 
655 0 |a Electronic journals. 
710 2 |a International Telecommunications Society. 
776 0 8 |i Print version:  |a Digital policy, regulation and governance  |x 2398-5038 
780 0 0 |t Info (Cambridge, England)  |x 1465-9840  |w (DLC) 2009233378  |w (OCoLC)47766727 
850 |a DLC 
856 4 0 |z Full text available from Research Library: 03/01/2003 to 1 year ago  |u https://search.proquest.com/publication/42541